| 000 | 01164nam a22003378i 4500 | ||
|---|---|---|---|
| 999 |
_c29346 _d29317 |
||
| 001 | 018463888 | ||
| 003 | EG-ScBUE | ||
| 005 | 20210809102750.0 | ||
| 008 | 170731s2017 enk f b 000 0 eng d | ||
| 020 | _a9781912127344 | ||
| 040 |
_aStDuBDS _beng _erda _cStDuBDS _dEG-ScBUE |
||
| 082 | 0 | 4 |
_a321.8 _bNOR _222 |
| 100 | 1 |
_aNorén-Nilsson, Astrid, _eauthor. |
|
| 245 | 1 | 3 |
_aAn analysis of Robert A. Dahl's : _bdemocracy and its critics / _cAstrid Noren Nilsson, Elizabeth Morrow, Riley Quinn. |
| 264 | 1 |
_aLondon : _bRoutledge : _bMacat International Ltd, _c2017. |
|
| 300 |
_a91 pages ; _c18 cm. |
||
| 336 |
_atext _2rdacontent _btxt |
||
| 337 |
_acomputer _2rdamedia _bn |
||
| 338 |
_aonline resource _2rdacarrier _bnc |
||
| 490 | 0 | _aMacat library | |
| 504 | _aIncludes bibliographical references. | ||
| 600 | 1 | 7 |
_aDahl, Robert A., _d1915-2014. _tDemocracy and its critics. _2BUEsh |
| 650 | 7 |
_aDemocracy _xPhilosophy. _2BUEsh |
|
| 650 | 7 |
_aLiberty. _2BUEsh |
|
| 653 |
_bBUSBOL _cAugust2021 |
||
| 655 |
_vReading book _934232 |
||
| 700 | 1 |
_aMorrow, Elizabeth, _eauthor. _937023 |
|
| 700 | 1 |
_aQuinn, Riley, _eauthor. |
|
| 942 |
_2ddc _cBB |
||